Statistics for Rightful successors to the throne of England

Click here to take the quiz!

General Stats

  • This quiz has been taken 226 times
    (212 since last reset)
  • The average score is 48 of 70

Answer Stats

Ruling monarchDatesLegitimate heir% Correct
Elizabeth II1952-Charles (1st son of Elizabeth II)
98%
Charles I1625-1649Charles (2nd son of Charles I)
98%
James I1603-1625Charles (2nd son of James I)
98%
Edward II1307-1327Edward (1st son of Edward II)
98%
Edward IV1471-1483Edward (1st son of Edward IV)
98%
George V1910-1936Edward (1st son of George V)
98%
Henry III1216-1272Edward (1st son of Henry III)
98%
Victoria1837-1901Edward (1st son of Victoria)
98%
Henry VIII1509-1547Edward (2nd son of Henry VIII)
98%
Edward I Longshanks1272-1307Edward (5th son of Edward I)
98%
Henry VI1422-1461Edward of Westminster (1st son of Henry VI)
98%
George I1714-1727George (1st son of George I)
96%
George III1760-1820George (1st son of George III)
96%
Edward VII1901-1910George (2nd son of Edward VII)
96%
Edward VIII1936George (2nd son of George V)
96%
George II1727-1760George (grandson of George II)
96%
Henry IV of Bolingbroke1399-1413Henry (1st son of Henry IV)
96%
Henry V1413-1422Henry (1st son of Henry V)
96%
John Lackland1199-1216Henry (1st son of John)
96%
Henry VII1485-1509Henry (2nd son of Henry VII)
96%
Matilda1141Henry Plantagenet (son of Matilda, grandson of Henry I)
96%
George IV1820-1830William (3rd son of George III)
95%
Stephen1135-1154William I, Count of Boulogne (2nd son of Stephen)
95%
George VI1936-1952Elizabeth (1st daughter of George VI)
94%
Mary I1553-1558Elizabeth (2nd daughter of Henry VIII)
94%
Edward IV1461-1470Elizabeth of York (1st daughter of Edward IV)
94%
Richard III1483-1485Elizabeth of York (1st daughter of Edward IV)
94%
Charles II1660-1685James (3rd son of Charles I)
91%
Anne1702-1714James Stuart (5th son of James II)
91%
William III1689-1702James Stuart (5th son of James II)
91%
James II1685-1688James Stuart (5th son of James II)
91%
Mary II1689-1694James Stuart (5th son of James II)
91%
Elizabeth I1558-1603James VI of Scotland (great-great-grandson of Henry VII)
91%
Edward VI1547-1553Mary (1st daughter of Henry VIII)
90%
Edward III1327-1377Richard (grandson of Edward III)
90%
Edward V1483Richard of Shrewsbury (2nd son of Edward IV)
90%
Henry II Curtmantle1154-1189Richard (son of Henry II)
90%
William IV1830-1837Victoria (granddaughter of George III)
77%
Cnut the Great1016-1035Harold (2nd son of Cnut the Great)
73%
Edward the Martyr975-978Aethelred (2nd son of Edgar I)
65%
Aethelbehrt860-865Aethelred (4th son of Aethelwulf)
65%
Aethelstan924-939Edmund (3rd legitimate son of Edward the Elder)
59%
Edmund II Ironside1016Edmund Aetheling (1st son of Edmund II Ironside)
59%
Aethelred II the Unready1014-1016Edmund Ironside (3rd son of Aethelred II)
59%
Richard II1377-1399Edmund Mortimer (great-great-grandson of Edward III)
59%
Henry I Beauclerc1100-1135Empress Matilda (Daughter of Henry I)
59%
Eadwig955-959Edgar (2nd son of Edmund I)
56%
Edward the Confessor1042-1066Edgar the Aetheling (grandson of Edmund II Ironside)
56%
Harold I Harefoot1035-1040Harthacnut (3rd son of Cnut the Great)
50%
Louis the Lion1216-1217Louis (1st son of Louis the Lion)
50%
Ecgbehrt802-839Aethelwulf (only known son of Ecgbehrt)
49%
Sweyn Forkbeard1013-1014Cnut (son of Sweyn Forkbeard)
49%
Aethelbald858-860Aethelbehrt (3rd son of Aethelwulf)
48%
Aethelwulf839-858Aethelbald (2nd son of Aethelwulf)
44%
Richard I Lionheart1189-1199Arthur of Brittany (grandson of Henry II)
44%
Aethelred II the Unready978-1013Aethelstan Aetheling (1st son of Aethelred II)
41%
Edmund I the Magnificent939-946Eadwig (1st son of Edmund I)
39%
Eadred946-955Eadwig (1st son of Edmund I)
39%
William II Rufus1087-1100Robert Curthose (1st son of William I)
39%
William I the Conqueror1066-1087Robert Curthose (1st son of William I)
39%
Edward the Elder899-924Aelfweard (1st legitimate son of Edward the Elder)
37%
Jane1553Katherine Grey (Sister of Jane)
22%
Edgar II Aetheling1066Margaret of Wessex (granddaughter of Edmund II Ironside)
13%
Alfred the Great871-899Edward (1st son of Alfred, 'the Elder')
10%
Aelfweard924Edwin of Wessex (2nd legitimate son of Edward the Elder)
7%
Edgar I the Peaceful959-975Edward (1st son of Edgar I, 'the Martyr')
6%
Harold II Godwinson1066Godwin (1st son of Harold II Godwinson)
6%
Aethelred I865-871Aethelhelm (1st son of Aethelred)
2%
Henry VI1470-1471Afonso V of Portugal (great-grandson of Edward III)
0%
Harthacnut1040-1042Estrid Svendsdatter (daughter of Sweyn Forkbeard)
0%

Score Distribution

Percentile by Number Answered

Percent of People with Each Score

Your Score History

You have not taken this quiz since the last reset